| 000 | 01117nam a22002897a 4500 | ||
|---|---|---|---|
| 001 | 9528 | ||
| 003 | FISKH | ||
| 005 | 20260119105220.0 | ||
| 008 | 260119b cb ||||| |||| 00| 0 eng d | ||
| 020 | _a9780439507233 | ||
| 040 |
_aFISKH _beng _cFISKH _dFISKH |
||
| 050 | _aPZ7.K8369 D | ||
| 082 | _a813.54 | ||
| 100 |
_aKorman, Gordon _eAuthor |
||
| 245 |
_aThe deep / _cGordon Korman |
||
| 260 |
_aNew York : _bScholastic Inc. , _c2003 |
||
| 300 |
_a148 pages : _c20 cm |
||
| 490 |
_aDive _v2 |
||
| 505 | _aR | ||
| 520 | _aFour divers, one treasure. One incredible challenge. What lies in the deep? Not just coral and sand. Not just undersea creatures that have never seen the light. No, the deep holds something even more mysterious and valuable. Kaz, Dante, Adriana, and Star started the summer thinking they were going to study marine life. Now they've found sunken treasure. And they're not the only ones who want to keep it. | ||
| 521 | 8 |
_a750
_bLexile estimate |
|
| 521 | 8 |
_aR
_bRaz-Plus |
|
| 650 |
_aDive _vDive series |
||
| 650 |
_aDivers _vFiction |
||
| 942 |
_2ddc _cBK _n0 |
||
| 999 |
_c9528 _d9528 |
||